Higher Engineering Mathematics (Record no. 1146)

MARC details
000 -LEADER
fixed length control field 00360nam a22001457a 4500
005 - DATE AND TIME OF LATEST TRANSACTION
control field 20180425125905.0
008 - FIXED-LENGTH DATA ELEMENTS--GENERAL INFORMATION
fixed length control field 160519b xxu||||| |||| 00| 0 eng d
041 ## - LANGUAGE CODE
Language code of text/sound track or separate title eng
082 ## - DEWEY DECIMAL CLASSIFICATION NUMBER
Item number 3343
Classification number 510.2462
100 ## - MAIN ENTRY--AUTHOR NAME
Personal name Grewal B.S.
245 ## - TITLE STATEMENT
Title Higher Engineering Mathematics
260 ## - PUBLICATION, DISTRIBUTION, ETC. (IMPRINT)
Name of publisher Khanna Publishing
650 ## - SUBJECT ADDED ENTRY--TOPICAL TERM
Topical Term DIPLOMA ENGINEERING
942 ## - ADDED ENTRY ELEMENTS (KOHA)
Koha item type Books
Holdings
Lost status Damaged status Collection code Home library Current library Shelving location Date acquired Cost, normal purchase price Full call number Accession Number Koha item type
    CS/IT JRU Library JRU Library SHELF-57-G 19/05/2016 495.00 510.2462 3343 Books
    CS/IT JRU Library JRU Library SHELF-57-G 19/05/2016 495.00 510.2462 3344 Books